=LDR 00000nam 2200000 4500 =001 INLIS000000000020604 =005 20130612115542 =008 ***********************************Ind** =035 ##$$0010-061300000020604 =041 ##$$a Ind =082 ##$$a F Rom K =090 ##$$a F Rom K, Sas j =100 ##$$a Sasongko, Setiawan G =245 ##$$a Jejak-jejak ufo, Setiawan G. Sasongko =260 ##$$a 2005 $b Jakarta =300 ##$$a v, 60 hlm, ilus, 21 cm =650 ##$$a Fiksi kanak-kanak =850 ##$$a NBPNMAT =990 ##$$a 83498349 =990 ##$$a 30617071